01127cam a22003017a 4500003000500000005001700005008004100022010000900063011000900072035000900081040000900090082001400099100002900113245003100142260004000173300002000213500001000233590004100243590004200284650002800326901000700354942001000361949007100371949008100442999001500523952015100538952013600689CHAP20220329133410.0971013s1992 enka r 00010 eng d a5909 a6881 a6104 cCHAP04a636.1bF700aFraser, Andrew F.94306314aThe behaviour of the horse aOxon :bC.A.B. International,c1992 a288 p.b: ilus. a60-51 aBATCH-UPDb10c20130110lUCH01h1912 aCONVERSIONb10c20130109lUCH01h130414aGanado caballar.944967 aBK cLIBRO a636.1 F7bBCcLIBROd33724000265369eLIBROfc.2h87101i6104mDsi a636.1 F7bBCcLIBROd33724000265807eLIBROgI.166690h82732i6104sit144.00 c5909d5909 00102local4052708GRALaBCbBCcPP_GRALd2019-12-31eI.166690fLIBROl0o636.1 F7p33724000265369r2019-12-31 00:00:00tc.2w2019-12-31yLIBRO 00102local4052708GRALaBCbBCcPP_GRALd2019-12-31fLIBROl0o636.1 F7p33724000265807r2019-12-31 00:00:00w2019-12-31yLIBRO